Zborník vedeckých prác z Medzinárodných vedeckých dní 2000. Sekcia: Agrárna politika, ekonomika a právo. II. diel /

Uloženo v:
Podrobná bibliografie
Hlavní autor: Grznár, Miroslav 1935-
Médium: Kniha
Jazyk:slovenština
čeština
angličtina
Vydáno: Nitra : Slovenská poľnohospodárska univerzita v Nitre, 2000
Vydání:[1. vyd.]
Témata:
ISBN:8071377163
On-line přístup: Získat plný text
Tagy: Přidat tag
Žádné tagy, Buďte první, kdo vytvoří štítek k tomuto záznamu!

MARC

LEADER 00000nam a2200000 4500
003 SK-BrCVT
005 20220621154951.0
008 000802s2000 xo e ||||||slo d
020 |a 8071377163 
035 |a CVTIDW0955317 
040 |b slo  |a CVTI SR 
041 0 |a slo  |a cze  |a eng 
044 |a xo 
080 |a 631.1  |2 UDC-MRF 
080 |a 65.012.4  |2 UDC-MRF 
080 |a 33  |2 UDC-MRF 
080 |a 34  |2 UDC-MRF 
100 1 |a Grznár, Miroslav  |d 1935-, 
245 1 0 |a Zborník vedeckých prác z Medzinárodných vedeckých dní 2000. Sekcia: Agrárna politika, ekonomika a právo. II. diel /  |c Autori: Miroslav Grznár a kol. 
250 |a [1. vyd.] 
260 |a Nitra :  |b Slovenská poľnohospodárska univerzita v Nitre,  |c 2000 
300 |a 483 s. :  |b grafy, lit., obr., tab. ; 
653 1 |a družstevný poľnohospodársky podnik  |a produktivita  |a konkurencieschopnosť 
910 |b A574586 
919 |a 80-7137-716-3 
974 |f Knihy 
992 |a AZN 
999 |c 118551  |d 118551